Rolling Stone: Les 500 plus grandes chansons de tous les temps - Statistiques

Statistiques générales
  • Ce quiz a été pris 163 fois
  • Le résultat moyen est 300 sur 778
Statistiques - réponses
HINT HINT HINT ANSWER % Correct
Hey Jude 1968 T The Beatles
96%
Yesterday 1965 T The Beatles
96%
I Want to Hold Your Hand 1963 T The Beatles
96%
Let It Be 1970 T The Beatles
96%
In My Life 1965 T The Beatles
96%
A Day in the Life 1967 T The Beatles
96%
Help! 1965 T The Beatles
96%
She Loves You 1963 T The Beatles
96%
Strawberry Fields Forever 1967 T The Beatles
96%
Norwegian Wood (This Bird Has Flown) 1965 T The Beatles
96%
While My Guitar Gently Weeps 1968 T The Beatles
96%
Eleanor Rigby 1966 T The Beatles
96%
I Saw Her Standing There 1963 T The Beatles
96%
A Hard Day's Night 1964 T The Beatles
96%
Please Please Me 1963 T The Beatles
96%
Come Together 1969 T The Beatles
96%
Something 1969 T The Beatles
96%
Can't Buy Me Love 1964 T The Beatles
96%
With a Little Help from My Friends 1967 T The Beatles
96%
All You Need Is Love 1967 T The Beatles
96%
Ticket to Ride 1965 T The Beatles
96%
Penny Lane 1967 T The Beatles
96%
Rain 1966 T The Beatles
96%
Runaway 2010 K Kanye West feat. Pusha T
94%
Smells Like Teen Spirit 1991 N Nirvana
92%
In Bloom 1992 N Nirvana
92%
Come as You Are 1992 N Nirvana
92%
All Apologies 1993 N Nirvana
92%
Billie Jean 1983 M Michael Jackson
91%
Beat It 1982 M Michael Jackson
91%
Rock with You 1979 M Michael Jackson
91%
(I Can't Get No) Satisfaction 1965 T The Rolling Stones
91%
Sympathy for the Devil 1968 T The Rolling Stones
91%
Gimme Shelter 1969 T The Rolling Stones
91%
You Can't Always Get What You Want 1969 T The Rolling Stones
91%
Honky Tonk Women 1969 T The Rolling Stones
91%
Jumpin' Jack Flash 1968 T The Rolling Stones
91%
Paint It Black 1966 T The Rolling Stones
91%
Street Fighting Man 1968 T The Rolling Stones
91%
Ruby Tuesday 1967 T The Rolling Stones
91%
Wild Horses 1971 T The Rolling Stones
91%
Tumbling Dice 1972 T The Rolling Stones
91%
Beast of Burden 1978 T The Rolling Stones
91%
Brown Sugar 1971 T The Rolling Stones
91%
Miss You 1978 T The Rolling Stones
91%
Imagine 1971 J John Lennon
90%
Hotel California 1977 E Eagles
86%
Desperado 1973 E Eagles
86%
Your Song 1970 E Elton John
85%
Rocket Man 1972 E Elton John
85%
Candle in the Wind 1974 E Elton John
85%
Goodbye Yellow Brick Road 1973 E Elton John
85%
Tiny Dancer 1972 E Elton John
85%
Bennie and the Jets 1973 E Elton John
85%
Bohemian Rhapsody 1975 Q Queen
85%
We Will Rock You 1977 Q Queen
85%
One 1992 U U2
83%
I Still Haven't Found What I'm Looking For 1987 U U2
83%
With or Without You 1987 U U2
83%
Sunday Bloody Sunday 1983 U U2
83%
Pride (In the Name of Love) 1984 U U2
83%
New Year's Day 1983 U U2
83%
Moment of Surrender 2009 U U2
83%
Beautiful Day 2000 U U2
83%
Back in Black 1980 A AC/DC
82%
Highway to Hell 1979 A AC/DC
82%
You Shook Me All Night Long 1980 A AC/DC
82%
No Woman No Cry 1974 B Bob Marley
82%
Hound Dog 1956 E Elvis Presley
82%
Heartbreak Hotel 1956 E Elvis Presley
82%
Jailhouse Rock 1957 E Elvis Presley
82%
Mystery Train 1955 E Elvis Presley
82%
Suspicious Minds 1969 E Elvis Presley
82%
That's All Right 1954 E Elvis Presley
82%
Don't Be Cruel 1956 E Elvis Presley
82%
All Shook Up 1957 E Elvis Presley
82%
Can't Help Falling in Love 1961 E Elvis Presley
82%
Blue Suede Shoes 1956 E Elvis Presley
82%
Love Me Tender 1956 E Elvis Presley
82%
Dancing Queen 1976 A ABBA
81%
Like a Rolling Stone 1965 B Bob Dylan
81%
Blowin' in the Wind 1963 B Bob Dylan
81%
The Times They Are a-Changin' 1964 B Bob Dylan
81%
Tangled Up in Blue 1975 B Bob Dylan
81%
Mr. Tambourine Man 1965 B Bob Dylan
81%
Desolation Row 1965 B Bob Dylan
81%
Knockin' on Heaven's Door 1973 B Bob Dylan
81%
Positively 4th Street 1965 B Bob Dylan
81%
Just Like a Woman 1966 B Bob Dylan
81%
Subterranean Homesick Blues 1965 B Bob Dylan
81%
Highway 61 Revisited 1965 B Bob Dylan
81%
Visions of Johanna 1966 B Bob Dylan
81%
Mississippi 2001 B Bob Dylan
81%
Every Breath You Take 1983 T The Police
79%
Roxanne 1978 T The Police
79%
Rhythm Nation 1989 J Janet Jackson
78%
When Doves Cry 1984 P Prince
78%
Little Red Corvette 1983 P Prince
78%
1999 1982 P Prince
78%
Sign o' the Times 1987 P Prince
78%
Adore 1987 P Prince
78%
Heroes 1977 D David Bowie
77%
Changes 1971 D David Bowie
77%
Ziggy Stardust 1972 D David Bowie
77%
Young Americans 1975 D David Bowie
77%
Life on Mars? 1971 D David Bowie
77%
Space Oddity 1969 D David Bowie
77%
Station to Station 1976 D David Bowie
77%
Under Pressure 1981 Q Queen and David Bowie
77%
Stairway to Heaven 1971 L Led Zeppelin
75%
Whole Lotta Love 1969 L Led Zeppelin
75%
Kashmir 1975 L Led Zeppelin
75%
Black Dog 1971 L Led Zeppelin
75%
Heartbreaker 1969 L Led Zeppelin
75%
Ramble On 1969 L Led Zeppelin
75%
Respect 1967 A Aretha Franklin
73%
I Never Loved a Man (the Way I Love You) 1967 A Aretha Franklin
73%
Chain of Fools 1967 A Aretha Franklin
73%
Do Right Woman 1967 A Aretha Franklin
73%
(You Make Me Feel Like) A Natural Woman 1967 A Aretha Franklin
73%
I Say a Little Prayer 1968 A Aretha Franklin
73%
Lose Yourself 2000 E Eminem
73%
London Calling 1979 T The Clash
73%
Should I Stay or Should I Go 1982 T The Clash
73%
Train in Vain 1980 T The Clash
73%
Complete Control 1977 T The Clash
73%
(White Man) In Hammersmith Palais 1978 T The Clash
73%
No Diggity 1996 B Blackstreet feat. Dr. Dre and Queen Pen
72%
Comfortably Numb 1979 P Pink Floyd
72%
Wish You Were Here 1975 P Pink Floyd
72%
Another Brick in the Wall Part 2 1979 P Pink Floyd
72%
My Generation 1965 T The Who
72%
Won't Get Fooled Again 1971 T The Who
72%
I Can See for Miles 1967 T The Who
72%
Baba O'Riley 1971 T The Who
72%
I Can't Explain 1965 T The Who
72%
Stayin' Alive 1977 B Bee Gees
71%
How Deep Is Your Love 1977 B Bee Gees
71%
Born to Run 1975 B Bruce Springsteen
71%
Thunder Road 1975 B Bruce Springsteen
71%
Born in the U.S.A. 1984 B Bruce Springsteen
71%
The Rising 2002 B Bruce Springsteen
71%
Atlantic City 1982 B Bruce Springsteen
71%
Jungleland 1975 B Bruce Springsteen
71%
Rosalita (Come Out Tonight) 1973 B Bruce Springsteen
71%
Rehab 2006 A Amy Winehouse
70%
Back to Black 2006 A Amy Winehouse
70%
What's Going On 1971 M Marvin Gaye
69%
I Heard It Through the Grapevine 1968 M Marvin Gaye
69%
Let's Get It On 1973 M Marvin Gaye
69%
Sexual Healing 1982 M Marvin Gaye
69%
Good Vibrations 1966 T The Beach Boys
69%
God Only Knows 1966 T The Beach Boys
69%
California Girls 1965 T The Beach Boys
69%
Don't Worry Baby 1964 T The Beach Boys
69%
In My Room 1963 T The Beach Boys
69%
Caroline No 1966 T The Beach Boys
69%
Sloop John B 1966 T The Beach Boys
69%
Wouldn't It Be Nice 1966 T The Beach Boys
69%
Toxic 2003 B Britney Spears
68%
…Baby One More Time 1998 B Britney Spears
68%
You're So Vain 1972 C Carly Simon
68%
Like a Prayer 1988 M Madonna
68%
Vogue 1990 M Madonna
68%
Into the Groove 1985 M Madonna
68%
Graceland 1986 P Paul Simon
67%
American Tune 1973 P Paul Simon
67%
Superstition 1972 S Stevie Wonder
67%
Living for the City 1973 S Stevie Wonder
67%
Higher Ground 1973 S Stevie Wonder
67%
You Are the Sunshine of My Life 1973 S Stevie Wonder
67%
Signed Sealed Delivered I'm Yours 1970 S Stevie Wonder
67%
What'd I Say 1959 R Ray Charles
66%
Georgia on My Mind 1960 R Ray Charles
66%
I Can't Stop Loving You 1962 R Ray Charles
66%
I Got a Woman 1954 R Ray Charles
66%
Hit the Road Jack 1961 R Ray Charles
66%
Dream On 1973 A Aerosmith
65%
Walk This Way 1975 A Aerosmith
65%
Sweet Emotion 1975 A Aerosmith
65%
Rolling in the Deep 2011 A Adele
64%
Formation 2016 B Beyoncé
64%
Single Ladies (Put a Ring on It) 2008 B Beyoncé
64%
Break My Soul 2022 B Beyoncé
64%
One More Time 2001 D Daft Punk
64%
Savage 2020 M Megan Thee Stallion feat. Beyoncé
64%
Wonderwall 1995 O Oasis
64%
Paranoid Android 1997 R Radiohead
64%
Fake Plastic Trees 1994 R Radiohead
64%
Idioteque 2000 R Radiohead
64%
Creep 1992 R Radiohead
64%
Karma Police 1997 R Radiohead
64%
I Will Always Love You 1992 W Whitney Houston
64%
I Wanna Dance with Somebody (Who Loves Me) 1987 W Whitney Houston
64%
Crazy in Love 2003 B Beyoncé feat. Jay-Z
63%
Freedom! '90 1990 G George Michael
63%
Losing My Religion 1991 R R.E.M.
63%
Radio Free Europe 1981 R R.E.M.
63%
Nightswimming 1992 R R.E.M.
63%
Umbrella 2007 R Rihanna feat. Jay-Z
63%
Heart of Glass 1979 B Blondie
62%
Call Me 1980 B Blondie
62%
One Way or Another 1979 B Blondie
62%
Dreaming 1979 B Blondie
62%
Johnny B. Goode 1957 C Chuck Berry
62%
Maybellene 1955 C Chuck Berry
62%
Roll Over Beethoven 1956 C Chuck Berry
62%
Rock & Roll Music 1957 C Chuck Berry
62%
Sweet Little Sixteen 1958 C Chuck Berry
62%
Brown Eyed Handsome Man 1956 C Chuck Berry
62%
Promised Land 1964 C Chuck Berry
62%
Bad Romance 2009 L Lady Gaga
62%
Enter Sandman 1991 M Metallica
62%
Master of Puppets 1986 M Metallica
62%
Bridge over Troubled Water 1970 S Simon and Garfunkel
62%
The Boxer 1969 S Simon and Garfunkel
62%
The Sound of Silence 1964 S Simon and Garfunkel
62%
99 Problems 2003 J Jay-Z
61%
Light My Fire 1967 T The Doors
60%
The End 1967 T The Doors
60%
California Dreamin' 1965 T The Mamas and the Papas
60%
The House of the Rising Sun 1964 T The Animals
58%
We Gotta Get out of This Place 1965 T The Animals
58%
Don't Let Me Be Misunderstood 1965 T The Animals
58%
Africa 1982 T Toto
58%
Papa's Got a Brand New Bag 1965 J James Brown
56%
I Got You (I Feel Good) 1965 J James Brown
56%
It's a Man's Man's Man's World 1966 J James Brown
56%
Say It Loud – I'm Black and I'm Proud 1968 J James Brown
56%
Get Up (I Feel Like Being a) Sex Machine 1970 J James Brown
56%
Summertime Sadness 2012 L Lana Del Rey
56%
A&W 2023 L Lana Del Rey
56%
Let's Stay Together 1971 A Al Green
54%
Love and Happiness 1973 A Al Green
54%
Take Me to the River 1974 A Al Green
54%
Tired of Being Alone 1971 A Al Green
54%
Smoke on the Water 1973 D Deep Purple
53%
Personal Jesus 1989 D Depeche Mode
53%
Enjoy the Silence 1990 D Depeche Mode
53%
In da Club 2003 5 50 Cent
52%
Uptown Funk 2015 M Mark Ronson feat. Bruno Mars
52%
Take Care 2011 D Drake feat. Rihanna
51%
Shook Ones Pt. II 1995 M Mobb Deep
51%
Hey Ya! 2003 O OutKast
51%
B.O.B 2000 O OutKast
51%
Ms. Jackson 2000 O OutKast
51%
International Players Anthem (I Choose You) 2007 U UGK feat. OutKast
51%
Hot Stuff 1979 D Donna Summer
50%
I Feel Love 1977 D Donna Summer
50%
American Idiot 2004 G Green Day
50%
Basket Case 1994 G Green Day
50%
River Deep Mountain High 1966 I Ike and Tina Turner
50%
I Walk the Line 1956 J Johnny Cash
50%
Ring of Fire 1963 J Johnny Cash
50%
Folsom Prison Blues 1955 J Johnny Cash
50%
What a Wonderful World 1967 L Louis Armstrong
50%
Anarchy in the U.K. 1976 S Sex Pistols
50%
God Save the Queen 1977 S Sex Pistols
50%
Where Is My Mind? 1988 T The Pixies
50%
Livin' on a Prayer 1986 B Bon Jovi
49%
Get Lucky 2013 D Daft Punk feat. Pharrell Williams
49%
Sign of the Times 2017 H Harry Styles
49%
As It Was 2022 H Harry Styles
49%
Hallelujah 1984 L Leonard Cohen
49%
Suzanne 1967 L Leonard Cohen
49%
Free Bird 1973 L Lynyrd Skynyrd
49%
Sweet Home Alabama 1974 L Lynyrd Skynyrd
49%
Don't Leave Me This Way 1976 T Thelma Houston
49%
That's the Way of the World 1975 E Earth Wind and Fire
48%
September 1978 E Earth Wind and Fire
48%
Tears in Heaven 1992 E Eric Clapton
48%
Go Your Own Way 1977 F Fleetwood Mac
48%
Rhiannon 1976 F Fleetwood Mac
48%
Dreams 1977 F Fleetwood Mac
48%
Landslide 1975 F Fleetwood Mac
48%
I Will Survive 1978 G Gloria Gaynor
48%
Pink Moon 1972 N Nick Drake
48%
Jump 1983 V Van Halen
48%
Clocks 2003 C Coldplay
47%
Fix You 2005 C Coldplay
47%
Fortunate Son 1969 C Creedence Clearwater Revival
47%
Proud Mary 1969 C Creedence Clearwater Revival
47%
Who'll Stop the Rain 1970 C Creedence Clearwater Revival
47%
Bad Moon Rising 1969 C Creedence Clearwater Revival
47%
Hotline Bling 2015 D Drake
47%
Jesus Walks 2004 K Kanye West
47%
Stronger 2007 K Kanye West
47%
All Too Well 2012 T Taylor Swift
47%
Blank Space 2014 T Taylor Swift
47%
Cruel Summer 2019 T Taylor Swift
47%
Sweet Dreams (Are Made of This) 1983 E Eurythmics
46%
Sweet Child O' Mine 1988 G Guns N' Roses
46%
Paradise City 1989 G Guns N' Roses
46%
Welcome to the Jungle 1987 G Guns N' Roses
46%
Cry Me a River 2002 J Justin Timberlake
46%
Alive 1991 P Pearl Jam
46%
In the Air Tonight 1981 P Phil Collins
46%
Under the Bridge 1991 R Red Hot Chili Peppers
46%
What's Love Got to Do with It 1984 T Tina Turner
46%
Paranoid 1970 B Black Sabbath
45%
Iron Man 1971 B Black Sabbath
45%
Purple Haze 1967 T The Jimi Hendrix Experience
45%
All Along the Watchtower 1968 T The Jimi Hendrix Experience
45%
Voodoo Child (Slight Return) 1968 T The Jimi Hendrix Experience
45%
Foxy Lady 1967 T The Jimi Hendrix Experience
45%
Hey Joe 1966 T The Jimi Hendrix Experience
45%
Little Wing 1967 T The Jimi Hendrix Experience
45%
The Wind Cries Mary 1967 T The Jimi Hendrix Experience
45%
Seven Nation Army 2003 T The White Stripes
45%
Redemption Song 1980 B Bob Marley and the Wailers
44%
Get Up Stand Up 1973 B Bob Marley and the Wailers
44%
I Shot the Sheriff 1973 B Bob Marley and the Wailers
44%
Could You Be Loved 1980 B Bob Marley and the Wailers
44%
Me and Bobby McGee 1971 J Janis Joplin
44%
Running Up that Hill 1985 K Kate Bush
44%
Walk on the Wild Side 1972 L Lou Reed
44%
(Sittin' on) The Dock of the Bay 1968 O Otis Redding
44%
I've Been Loving You Too Long (to Stop Now) 1965 O Otis Redding
44%
Try a Little Tenderness 1966 O Otis Redding
44%
Gloria 1975 P Patti Smith
44%
Because the Night 1978 P Patti Smith
44%
Stand by Me 1961 B Ben E. King
43%
Spanish Harlem 1961 B Ben E. King
43%
Old Town Road 2019 L Lil Nas X
43%
Waterloo Sunset 1967 T The Kinks
43%
You Really Got Me 1964 T The Kinks
43%
Lola 1970 T The Kinks
43%
Sunshine of Your Love 1967 C Cream
42%
White Room 1968 C Cream
42%
Crossroads 1968 C Cream
42%
Rock and Roll All Nite 1975 K Kiss
42%
Tutti Frutti 1955 L Little Richard
42%
Long Tall Sally 1956 L Little Richard
42%
Good Golly Miss Molly 1958 L Little Richard
42%
The Girl Can't Help It 1956 L Little Richard
42%
Keep A-Knockin' 1957 L Little Richard
42%
That's Entertainment 1980 T The Jam
42%
Juicy 1994 T The Notorious B.I.G
42%
Big Poppa 1994 T The Notorious B.I.G
42%
The Thrill Is Gone 1969 B B. B. King
41%
Piano Man 1973 B Billy Joel
41%
Scenes from an Italian Restaurant 1977 B Billy Joel
41%
Jolene 1974 D Dolly Parton
41%
Coat of Many Colors 1971 D Dolly Parton
41%
Hallelujah 1994 J Jeff Buckley
41%
Grace 1994 J Jeff Buckley
41%
Monkey Gone to Heaven 1989 P Pixies
41%
California Love 1995 2 2Pac feat. Dr. Dre
40%
Blitzkrieg Bop 1976 R Ramones
40%
I Wanna Be Sedated 1979 R Ramones
40%
Sheena Is a Punk Rocker 1977 R Ramones
40%
I Got You Babe 1965 S Sonny and Cher
40%
Everybody Wants to Rule the World 1985 T Tears for Fears
40%
Pictures of You 1990 T The Cure
40%
Just Like Heaven 1987 T The Cure
40%
Gloria 1964 T Them
40%
Be My Baby 1963 T The Ronettes
40%
Walking in the Rain 1964 T The Ronettes
40%
Call Me Maybe 2012 C Carly Rae Jepsen
39%
Nothing Compares 2 U 1990 S Sinéad O'Connor
39%
I Want You Back 1969 T The Jackson Five
39%
Bad Guy 2019 B Billie Eilish
38%
Nuthin' but a 'G' Thang 1992 D Dr. Dre
38%
Killing Me Softly with His Song 1996 F Fugees
38%
Ponta de Lança Africano (Umbabarauma) 1976 J Jorge Ben
38%
Rockin' in the Free World 1989 N Neil Young
38%
Heart of Gold 1971 N Neil Young
38%
Cortez the Killer 1975 N Neil Young
38%
After the Gold Rush 1970 N Neil Young
38%
Powderfinger 1979 N Neil Young
38%
Maybe I'm Amazed 1970 P Paul McCartney
38%
Bitter Sweet Symphony 1997 T The Verve
38%
Thank U Next 2019 A Ariana Grande
37%
Believe 1998 C Cher
37%
Say My Name 1999 D Destiny’s Child
37%
Whole Lotta Shakin' Goin' On 1955 J Jerry Lee Lewis
37%
Great Balls of Fire 1957 J Jerry Lee Lewis
37%
Royals 2011 L Lorde
37%
I'm Waiting for the Man 1967 T The Velvet Underground
37%
Sweet Jane 1970 T The Velvet Underground
37%
Heroin 1967 T The Velvet Underground
37%
I'm Coming Out 1980 D Diana Ross
36%
Maggie May 1971 R Rod Stewart
36%
Da Ya Think I'm Sexy? 1978 R Rod Stewart
36%
The Wanderer 1961 D Dion
35%
Runaround Sue 1961 D Dion
35%
At Last 1960 E Etta James
35%
Super Freak 1981 R Rick James
35%
If I Ain't Got You 2003 A Alicia Keys
34%
Time After Time 1983 C Cyndi Lauper
34%
Take Me Out 2003 F Franz Ferdinand
33%
Shake Rattle and Roll 1954 B Big Joe Turner
32%
My Sweet Lord 1971 G George Harrison
32%
Bad Reputation 1980 J Joan Jett
32%
Killing in the Name 1992 R Rage Against the Machine
32%
Born to Be Wild 1968 S Steppenwolf
32%
Peggy Sue 1957 B Buddy Holly
31%
Stan 2000 E Eminem feat. Dido
31%
Lust for Life 1977 I Iggy Pop
31%
Mississippi Goddam 1964 N Nina Simone
31%
Family Affair 1971 S Sly and the Family Stone
31%
Everyday People 1968 S Sly and the Family Stone
31%
Dance to the Music 1968 S Sly and the Family Stone
31%
Stand! 1969 S Sly and the Family Stone
31%
Hot Fun in the Summertime 1969 S Sly and the Family Stone
31%
Thank You (Falettinme Be Mice Elf Agin) 1969 S Sly and the Family Stone
31%
Loser 1993 B Beck
30%
It's Too Late 1971 C Carole King
30%
Layla 1970 D Derek and the Dominos
30%
Everlong 1997 F Foo Fighters
30%
Don't Stop Believin' 1981 J Journey
30%
I Believe I Can Fly 1996 R R. Kelly
30%
Ignition 2002 R R. Kelly
30%
Crying 1962 R Roy Orbison
30%
Oh Pretty Woman 1964 R Roy Orbison
30%
Only the Lonely 1960 R Roy Orbison
30%
In Dreams 1963 R Roy Orbison
30%
I'm So Lonesome I Could Cry 1949 H Hank Williams
29%
Your Cheatin' Heart 1953 H Hank Williams
29%
Paper Planes 2007 M M.I.A.
29%
A Change Is Gonna Come 1964 S Sam Cooke
29%
You Send Me 1957 S Sam Cooke
29%
Wonderful World 1960 S Sam Cooke
29%
Cupid 1961 S Sam Cooke
29%
My Girl 1964 T The Temptations
29%
Papa Was a Rollin' Stone 1972 T The Temptations
29%
Just My Imagination (Running Away with Me) 1971 T The Temptations
29%
Walk This Way 1986 R Run–DMC
28%
Sucker M.C.'s 1984 R Run–DMC
28%
Fast Car 1988 T Tracy Chapman
28%
Brown Eyed Girl 1967 V Van Morrison
28%
Moondance 1970 V Van Morrison
28%
Into the Mystic 1970 V Van Morrison
28%
Sabotage 1994 B Beastie Boys
27%
Lean on Me 1972 B Bill Withers
27%
Ain't No Sunshine 1971 B Bill Withers
27%
Lovely Day 1977 B Bill Withers
27%
For What It's Worth 1967 B Buffalo Springfield
27%
Fuck tha Police 1988 N N.W.A
27%
Straight Outta Compton 1988 N N.W.A
27%
Drivers License 2021 O Olivia Rodrigo
27%
When a Man Loves a Woman 1966 P Percy Sledge
27%
A Whiter Shade of Pale 1967 P Procol Harum
27%
Mr. Brightside 2003 T The Killers
27%
Somebody to Love 1967 J Jefferson Airplane
26%
White Rabbit 1967 J Jefferson Airplane
26%
Love Will Tear Us Apart 1980 J Joy Division
26%
Ace of Spades 1980 M Motörhead
26%
Solsbury Hill 1977 P Peter Gabriel
26%
William It Was Really Nothing 1984 T The Smiths
26%
How Soon Is Now? 1985 T The Smiths
26%
There Is a Light That Never Goes Out 1986 T The Smiths
26%
Bo Diddley 1955 B Bo Diddley
25%
Who Do You Love? 1956 B Bo Diddley
25%
I'm a Man 1955 B Bo Diddley
25%
Dynamite 2020 B BTS
25%
Spring Day 2017 B BTS
25%
Crazy 2006 G Gnarls Barkley
25%
Alright 2015 K Kendrick Lamar
25%
Passionate Kisses 1988 L Lucinda Williams
25%
Bizarre Love Triangle 1986 N New Order
25%
Blue Monday 1983 N New Order
25%
Super Bass 2010 N Nicki Minaj
25%
Purple Rain 1984 P Prince and the Revolution
25%
Kiss 1986 P Prince and the Revolution
25%
School's Out 1972 A Alice Cooper
24%
I'm Eighteen 1970 A Alice Cooper
24%
Ohio 1970 C Crosby Stills Nash and Young
24%
Mr. Tambourine Man 1965 T The Byrds
24%
Eight Miles High 1966 T The Byrds
24%
I'll Feel a Whole Lot Better 1965 T The Byrds
24%
You've Lost That Lovin' Feelin' 1964 T The Righteous Brothers
24%
Unchained Melody 1965 T The Righteous Brothers
24%
C.R.E.A.M. 1994 W Wu-Tang Clan
24%
I Want It That Way 1999 B Backstreet Boys
23%
Blue Suede Shoes 1956 C Carl Perkins
23%
Father and Son 1970 C Cat Stevens|Yusuf
23%
Blueberry Hill 1956 F Fats Domino
23%
Ain't That a Shame 1955 F Fats Domino
23%
Fire and Rain 1970 J James Taylor
23%
Fantasy 1995 M Mariah Carey
23%
Rock Lobster 1978 T The B-52's
23%
Love Shack 1989 T The B-52's
23%
I Wanna Be Your Dog 1969 T The Stooges
23%
Search and Destroy 1973 T The Stooges
23%
Baby Love 1964 T The Supremes
23%
You Keep Me Hangin' On 1966 T The Supremes
23%
Where Did Our Love Go 1964 T The Supremes
23%
Stop! In the Name of Love 1965 T The Supremes
23%
She's Not There 1964 T The Zombies
23%
Time of the Season 1968 T The Zombies
23%
Good Times 1979 C Chic
22%
Summertime Blues 1958 E Eddie Cochran
22%
C'mon Everybody 1958 E Eddie Cochran
22%
Never Tear Us Apart 1988 I INXS
22%
Oye cómo va 1970 S Santana
22%
Kill Bill 2022 S SZA
22%
More Than a Feeling 1976 B Boston
21%
Doo Wop (That Thing) 1998 L Lauryn Hill
21%
Move Your Body (The House Music Anthem) 1986 M Marshall Jefferson
21%
La bamba 1958 R Ritchie Valens
21%
Once in a Lifetime 1980 T Talking Heads
21%
This Must Be the Place (Naive Melody) 1983 T Talking Heads
21%
I Fought the Law 1965 T The Bobby Fuller Four
21%
All I Have to Do Is Dream 1958 T The Everly Brothers
21%
Cathy's Clown 1960 T The Everly Brothers
21%
Bye Bye Love 1957 T The Everly Brothers
21%
Wake Up Little Susie 1957 T The Everly Brothers
21%
Last Nite 2001 T The Strokes
21%
(Don't Fear) The Reaper 1976 B Blue Öyster Cult
20%
Gasolina 2004 D Daddy Yankee
20%
Walk On By 1964 D Dionne Warwick
20%
Son of a Preacher Man 1968 D Dusty Springfield
20%
You Don't Have to Say You Love Me 1966 D Dusty Springfield
20%
Fade into You 1993 M Mazzy Star
20%
Time to Pretend 2008 M MGMT
20%
West End Girls 1984 P Pet Shop Boys
20%
House of Balloons 2011 T The Weeknd
20%
Brass in Pocket 1979 P Pretenders
19%
Black Hole Sun 1994 S Soundgarden
19%
Whipping Post 1969 T The Allman Brothers Band
19%
Reach Out I'll Be There 1966 T The Four Tops
19%
Baby I Need Your Loving 1964 T The Four Tops
19%
Can't Help Myself 1965 T The Four Tops
19%
Standing in the Shadows of Love 1966 T The Four Tops
19%
Waterfalls 1995 T TLC
19%
No Scrubs 1999 T TLC
19%
Cosmic Dancer 1971 T T. Rex
19%
Strange Fruit 1939 B Billie Holiday
18%
Hungry Like the Wolf 1982 D Duran Duran
18%
Alison 1977 E Elvis Costello
18%
Watching the Detectives 1977 E Elvis Costello
18%
Both Sides Now 1969 J Joni Mitchell
18%
Help Me 1974 J Joni Mitchell
18%
Free Man in Paris 1974 J Joni Mitchell
18%
A Case of You 1971 J Joni Mitchell
18%
River 1971 J Joni Mitchell
18%
Trans-Europe Express 1977 K Kraftwerk
18%
Common People 1996 P Pulp
18%
The Weight 1968 T The Band
18%
The Night They Drove Old Dixie Down 1969 T The Band
18%
September Gurls 1974 B Big Star
17%
Thirteen 1972 B Big Star
17%
I Want to Know What Love Is 1984 F Foreigner
17%
So What 1959 M Miles Davis
17%
Bring the Noise 1987 P Public Enemy
17%
Fight the Power 1989 P Public Enemy
17%
Rapper's Delight 1979 T The Sugarhill Gang
17%
You Oughta Know 1995 A Alanis Morissette
16%
Rebel Girl 1993 B Bikini Kill
16%
Sugar We're Goin Down 2005 F Fall Out Boy
16%
Hoochie Coochie Man 1954 M Muddy Waters
16%
Mannish Boy 1955 M Muddy Waters
16%
Got My Mojo Working 1957 M Muddy Waters
16%
Rollin' Stone 1950 M Muddy Waters
16%
Cross Road Blues 1937 R Robert Johnson
16%
Marquee Moon 1977 T Television
16%
I'm a Believer 1966 T The Monkees
16%
Safaera 2020 B Bad Bunny
15%
Tití Me Preguntó 2022 B Bad Bunny
15%
I Like It 2018 C Cardi B J. Balvin and Bad Bunny
15%
Suite: Judy Blue Eyes 1969 C Crosby Stills & Nash|Crosby Stills and Nash
15%
He Stopped Loving Her Today 1980 G George Jones
15%
It Was a Good Day 1992 I Ice Cube
15%
Heat Wave 1963 M Martha Reeves and the Vandellas
15%
I Put a Spell on You 1956 S Screamin' Jay Hawkins
15%
Just What I Needed 1978 T The Cars
15%
Remember (Walkin' in the Sand) 1964 T The Shangri-Las
15%
Leader of the Pack 1964 T The Shangri-Las
15%
Redbone 2016 C Childish Gambino
14%
Many Rivers to Cross 1969 J Jimmy Cliff
14%
The Harder They Come 1972 J Jimmy Cliff
14%
Since U Been Gone 2004 K Kelly Clarkson
14%
Dancing in the Street 1964 M Martha and the Vandellas
14%
Nowhere to Run 1965 M Martha and the Vandellas
14%
All the Young Dudes 1972 M Mott the Hoople
14%
Wild Thing 1966 T The Troggs
14%
The Message 1982 G Grandmaster Flash and the Furious Five
13%
Boom Boom 1961 J John Lee Hooker
13%
The Rain (Supa Dupa Fly) 1997 M Missy Elliot
13%
Crazy 1961 P Patsy Cline
13%
I Fall to Pieces 1961 P Patsy Cline
13%
Killing Me Softly with His Song 1973 R Roberta Flack
13%
What a Fool Believes 1979 T The Doobie Brothers
13%
Louie Louie 1963 T The Kingsmen
13%
Yeah! 2004 U Usher feat. Lil Jon and Ludacris
13%
That'll Be the Day 1957 B Buddy Holly and the Crickets
12%
Not Fade Away 1957 B Buddy Holly and the Crickets
12%
Rave On 1958 B Buddy Holly and the Crickets
12%
Everyday 1957 B Buddy Holly and the Crickets
12%
Deacon Blues 1992 S Steely Dan
12%
Personality Crisis 1973 T The New York Dolls
12%
Free Fallin' 1989 T Tom Petty
12%
One Nation Under a Groove 1978 F Funkadelic
11%
I Love Rock 'n' Roll 1982 J Joan Jett and the Blackhearts
11%
The Loco-Motion 1962 L Little Eva
11%
Alone Again Or 1968 L Love
11%
Real Love 1992 M Mary J. Blige
11%
Teenage Riot 1988 S Sonic Youth
11%
Edge of Seventeen 1981 S Stevie Nicks
11%
The Letter 1967 T The Box Tops
11%
Do You Believe in Magic 1965 T The Lovin' Spoonful
11%
Summer in the City 1966 T The Lovin' Spoonful
11%
Buddy Holly 1994 W Weezer
11%
In the Midnight Hour 1965 W Wilson Pickett
11%
Mustang Sally 1966 W Wilson Pickett
11%
(Your Love Keeps Lifting Me) Higher and Higher 1967 J Jackie Wilson
10%
Lonely Teardrops 1958 J Jackie Wilson
10%
You Make Me Feel (Mighty Real) 1978 S Sylvester
10%
Da Doo Ron Ron 1963 T The Crystals
10%
He's a Rebel 1962 T The Crystals
10%
Then He Kissed Me 1963 T The Crystals
10%
Shout 1959 T The Isley Brothers
10%
That Lady 1973 T The Isley Brothers
10%
It's Your Thing 1969 T The Isley Brothers
10%
The Great Pretender 1955 T The Platters
10%
Gimme Some Lovin' 1966 T The Spencer Davis Group
10%
Blue Eyes Crying in the Rain 1975 W Willie Nelson
10%
On the Road Again 1980 W Willie Nelson
10%
Can I Kick It? 1990 A A Tribe Called Quest
9%
(We're Gonna) Rock Around the Clock 1955 B Bill Haley and His Comets
9%
The Twist 1960 C Chubby Checker
9%
Thinkin Bout You 2012 F Frank Ocean
9%
Without You 1971 H Harry Nilsson
9%
For Your Precious Love 1958 J Jerry Butler and the Impressions
9%
Virginia Plain 1972 R Roxy Music
9%
The Tracks of My Tears 1965 S Smokey Robinson and the Miracles
9%
Ooo Baby Baby 1965 S Smokey Robinson and the Miracles
9%
Shop Around 1960 S Smokey Robinson and the Miracles
9%
The Tears of a Clown 1967 S Smokey Robinson and the Miracles
9%
Cannonball 1993 T The Breeders
9%
Sh-Boom 1954 T The Chords
9%
People Get Ready 1965 T The Impressions
9%
Please Mr. Postman 1961 T The Marvelettes
9%
Will You Love Me Tomorrow 1960 T The Shirelles
9%
Tonight's the Night 1961 T The Shirelles
9%
96 Tears 1966 ? ? and the Mysterians
8%
Mind Playing Tricks on Me 1991 G Geto Boys
8%
Lady Marmalade 1974 L LaBelle
8%
Closer 1994 N Nine Inch Nails
8%
Spirit in the Sky 1969 N Norman Greenbaum
8%
Dancing Barefoot 1979 P Patti Smith Group
8%
Ain't Nobody 1983 R Rufus and Chaka Khan
8%
Limelight 1981 R Rush
8%
We've Only Just Begun 1970 T The Carpenters
8%
Up on the Roof 1962 T The Drifters
8%
Save the Last Dance for Me 1960 T The Drifters
8%
There Goes My Baby 1959 T The Drifters
8%
Money Honey 1953 T The Drifters
8%
Under the Boardwalk 1964 T The Drifters
8%
Ripple 1970 T The Grateful Dead
8%
Box of Rain 1970 T The Grateful Dead
8%
This Land Is Your Land 1951 W Woody Guthrie
8%
La vida es un carnaval 1998 C Celia Cruz
7%
Pusherman 1972 C Curtis Mayfield
7%
Move On Up 1970 C Curtis Mayfield
7%
Groove Is in the Heart 1990 D Deee-Lite
7%
Runaway 1961 D Del Shannon
7%
Pt. 1-Acknowledgement 1965 J John Coltrane
7%
A Milli 2009 L Lil Wayne
7%
Get Ur Freak On 2001 M Missy Elliott
7%
Work It 2000 M Missy Elliott
7%
Buffalo Stance 1988 N Neneh Cherry
7%
Dancing On My Own 2010 R Robyn
7%
No Ordinary Love 1992 S Sade
7%
Push It 1987 S Salt-N-Pepa
7%
Soul Man 1967 S Sam & Dave|Sam and Dave
7%
Chapel of Love 1964 T The Dixie Cups
7%
That's the Joint 1980 T The Funky 4 + 1
7%
The Boys Are Back in Town 1976 T Thin Lizzy
7%
American Girl 1976 T Tom Petty and the Heartbreakers
7%
Piece of My Heart 1968 B Big Brother and the Holding Company
6%
Green Onions 1962 B Booker T. and the M.G.'s
6%
Surrender 1978 C Cheap Trick
6%
Hold On We're Going Home 2013 D Drake feat. Majid Jordan
6%
(What's So Funny 'Bout) Peace Love and Understanding 1978 E Elvis Costello and the Attractions
6%
Ooh La La 1973 F Faces
6%
Spoonful 1960 H Howlin' Wolf
6%
Smokestack Lightning 1956 H Howlin' Wolf
6%
Running on Empty 1978 J Jackson Browne
6%
Truth Hurts 2017 L Lizzo
6%
Roadrunner 1976 T The Modern Lovers
6%
Mack the Knife 1959 B Bobby Darin
5%
Ever Fallen in Love (With Someone You Shouldn't've) 1978 B Buzzcocks
5%
The Revolution Will Not Be Televised 1971 G Gil Scott-Heron
5%
Midnight Train to Georgia 1973 G Gladys Knight and the Pips
5%
Wichita Lineman 1968 G Glen Campbell
5%
By the Time I Get to Phoenix 1967 G Glen Campbell
5%
Doll Parts 1992 H Hole
5%
Flash Light 1977 P Parliament
5%
It Takes Two 1988 R Rob Base and DJ E-Z Rock
5%
One Fine Day 1963 T The Chiffons
5%
Oh What a Night 1956 T The Dells
5%
In the Still of the Night 1956 T The Five Satins
5%
Our Lips Are Sealed 1981 T The Go-Go's
5%
Maps 2004 Y Yeah Yeah Yeahs
5%
212 2011 A Azealia Banks
4%
Hound Dog 1953 B Big Mama Thornton
4%
The Humpty Dance 1990 D Digital Underground
4%
Party Up (Up in Here) 1999 D DMX
4%
Be-Bop-A-Lula 1956 G Gene Vincent and His Blue Caps
4%
Jim Dandy 1956 L LaVern Baker
4%
Stagger Lee 1958 L Lloyd Price
4%
Never Too Much 1981 L Luther Vandross
4%
Bam Bam 1982 S Sister Nancy
4%
Everybody Needs Somebody to Love 1964 S Solomon Burke
4%
I Only Have Eyes for You 1959 T The Flamingos
4%
Earth Angel 1954 T The Penguins
4%
Typical Girls 1979 T The Slits
4%
Are You That Somebody? 1998 A Aaliyah
3%
Planet Rock 1982 A Afrika Bambaataa and the Soulsonic Force
3%
Night Moves 1976 B Bob Seger
3%
The Boys of Summer 1984 D Don Henley
3%
She's Gone 1973 H Hall and Oates
3%
Walk On By 1969 I Isaac Hayes
3%
Pink Houses 1983 J John Cougar Mellencamp
3%
All My Friends 2011 L LCD Soundsystem
3%
Coal Miner's Daughter 1970 L Loretta Lynn
3%
Bad and Boujee 2016 M Migos feat. Lil Uzi Vert
3%
Summer Babe (Winter Version) 1992 P Pavement
3%
Rid of Me 1993 P PJ Harvey
3%
Sail Away 1972 R Randy Newman
3%
Walk Away Renée 1966 T The Left Banke
3%
Oh Bondage Up Yours! 1977 X X-Ray Spex
3%
I Can't Make You Love Me 1991 B Bonnie Raitt
2%
Untitled (How Does It Feel) 2000 D D'Angelo
2%
I Know You Got Soul 1987 E Eric B. and Rakim
2%
Paid in Full 1987 E Eric B. and Rakim
2%
Ella Baila Sola 2023 E Eslabon Armado et Peso Pluma
2%
Radiation Vibe 1996 F Fountains of Wayne
2%
Please Please Please 1956 J James Brown and His Famous Flames
2%
Big Pimpin' 2000 J Jay-Z feat. UGK
2%
Divorce Song 1993 L Liz Phair
2%
Amor prohibido 1994 S Selena
2%
Stand by Your Man 1968 T Tammy Wynette
2%
I'll Take You There 1972 T The Staple Singers
2%
Respect Yourself 1971 T The Staple Singers
2%
Tell It Like It Is 1966 A Aaron Neville
1%
I Can't Stand the Rain 1973 A Ann Peebles
1%
Rainy Night in Georgia 1969 B Brook Benton
1%
Goodbye Earl 2000 D Dixie Chicks
1%
Springsteen 2011 E Eric Church
1%
Paper Bag 1999 F Fiona Apple
1%
Criminal 1996 F Fiona Apple
1%
O-o-h Child 1970 F Five Stairsteps
1%
Band of Gold 1970 F Freda Payne
1%
Angel from Montgomery 1971 J John Prine
1%
Sunday Mornin' Comin' Down 1970 K Kris Kristofferson
1%
The House That Built Me 2010 M Miranda Lambert
1%
Cissy Strut 1969 T The Meters
1%
Left of the Dial 1971 T The Replacements
1%
Why Do Fools Fall in Love 1956 T The Teenagers feat. Frankie Lymon
1%
Good Lovin' 1966 T The Young Rascals
1%
Heavy Metal Drummer 2002 W Wilco
1%
Tighten Up 1968 A Archie Bell and the Drells
0%
King Tubby Meets the Rockers Uptown 1974 A Augustus Pablo
0%
Money (That's What I Want) 1959 B Barrett Strong
0%
Just a Friend 1989 B Biz Markie
0%
Ode to Billie Joe 1967 B Bobbie Gentry
0%
Grindin' 2002 C Clipse
0%
Flava in Ya Ear 1994 C Craig Mack feat. Notorious B.I.G. LL Cool J Busta Rhymes Rampage
0%
Tyrone 1997 E Erykah Badu
0%
Back That Azz Up 1998 J Juvenile feat. Lil Wayne and Mannie Fresh
0%
Merry Go 'Round 2013 K Kacey Musgraves
0%
Mama Tried 1968 M Merle Haggard
0%
Devil with a Blue Dress On 1966 M Mitch Ryder and the Detroit Wheels
0%
Kicks 1966 P Paul Revere and the Raiders
0%
They Reminisce Over You 1992 P Pete Rock and C.L. Smooth
0%
Portions for Foxes 2004 R Rilo Kiley
0%
Cranes in the Sky 2016 S Solange
0%
Ku Klux Klan 1978 S Steel Pulse
0%
Maybe 1957 T The Chantels
0%
Young Blood 1957 T The Coasters
0%
Come Go with Me 1956 T The Del-Vikings
0%
Pressure Drop 1970 T Toots and the Maytals
0%
Pancho and Lefty 1972 T Townes Van Zandt
0%
Be Thankful for What You Got 1974 W William DeVaughn
0%
Essence 2021 W Wizkid ft. Tems
0%
Aucun quiz correspondant
Distribution des résultats
% des personnes avec chaque résultat
Percentile par nombre de réponses
Votre historique - résultats
Vous n’avez pas pris ce quiz